[Event "35. Open Untergrombach A-Turnier"]
[Site "?"]
[Date "2018.01.04"]
[Round "4"]
[White "Bach, Edwin"]
[Black "Lehmann, Sven"]
[Result "1-0"]
[WhiteElo "2221"]
[BlackElo "2016"]
[PlyCount "32"]

1. Nf3 c5 2. g3 Nc6 3. Bg2 Nf6 4. c4 d5 5. cxd5 Nxd5 6. Nc3 Nc7 7. a3 e5 8. b4
cxb4 9. axb4 Bxb4 10. Nxe5 Nxe5 11. Qa4+ Bd7 12. Qxb4 Nc6 13. Qd6 a5 14. Ba3
Ra6 15. O-O h5 16. Rab1 Rh6 1-0

[Event "35. Open Untergrombach A-Turnier"]
[Site "?"]
[Date "2018.01.04"]
[Round "4"]
[White "Vautrin, Stefan"]
[Black "Nekrasov, Mihail"]
[Result "0-1"]
[WhiteElo "2141"]
[BlackElo "2319"]
[PlyCount "84"]

1. b3 e5 2. Bb2 Nc6 3. e3 Nf6 4. Bb5 Bd6 5. Na3 e4 6. Nc4 Be7 7. Bxc6 dxc6 8.
d4 exd3 9. Qxd3 Qd5 10. O-O-O Bf5 11. Qe2 Qxg2 12. Nf3 Ne4 13. Rdf1 Bg4 14.
Nce5 Ng5 15. Nxg4 Qxg4 16. Nd4 Qxe2 17. Nxe2 Ne6 18. Rhg1 f6 19. Ng3 Kf7 20.
Nf5 Rhe8 21. h4 Bf8 22. Rd1 Rad8 23. Rxd8 Rxd8 24. Nd4 Nxd4 25. Bxd4 Rd5 26. c4
Rh5 27. Rg4 c5 28. Bc3 f5 29. Rg5 Rxg5 30. hxg5 Kg6 31. f4 Kh5 32. Kd2 Kg4 33.
Ke2 h5 34. gxh6 gxh6 35. Be5 Bd6 36. Kf2 h5 37. Kg2 h4 38. Kh2 Kf3 39. Kh3 Kxe3
40. Kxh4 Ke4 41. Bxd6 cxd6 42. Kg5 a6 0-1

[Event "35. Open Untergrombach A-Turnier"]
[Site "?"]
[Date "2018.01.04"]
[Round "4"]
[White "Günnigmann, Manuel"]
[Black "Joeres, Stefan"]
[Result "1-0"]
[WhiteElo "2225"]
[BlackElo "2054"]
[PlyCount "107"]

1. e4 c5 2. Nf3 Nc6 3. d4 cxd4 4. Nxd4 g6 5. Nc3 Bg7 6. Be3 Nf6 7. Bc4 O-O 8.
Bb3 Qa5 9. O-O d6 10. h3 Bd7 11. Qd3 Rfc8 12. f4 a6 13. Nf3 Be6 14. Bxe6 fxe6
15. Ng5 Nd8 16. f5 h6 17. Nxe6 Nxe6 18. fxe6 Qe5 19. Rae1 Rc6 20. Bd4 Qxe6 21.
e5 Ne8 22. exd6 Qxd6 23. Bxg7 Nxg7 24. Qxd6 Rxd6 25. Rxe7 Rf8 26. Ne4 Rxf1+ 27.
Kxf1 Rd4 28. c3 Ra4 29. Nc5 Ra5 30. Nd3 b6 31. Rb7 Rd5 32. Ke2 Rd6 33. a4 Ne6
34. b4 Ng5 35. Nf2 Ne6 36. Ne4 Rc6 37. Nf6+ Kf8 38. Nd5 Rd6 39. Rxb6 Nf4+ 40.
Kf3 Rxd5 41. Kxf4 Rd3 42. Rxg6 Rxc3 43. Rxh6 a5 44. bxa5 Rc4+ 45. Kf3 Rxa4 46.
a6 Kg7 47. Rb6 Kh7 48. g4 Kg7 49. Kg3 Kh7 50. Kh4 Ra5 51. g5 Ra3 52. Kg4 Kg7
53. h4 Ra1 54. Rb7+ 1-0

[Event "35. Open Untergrombach A-Turnier"]
[Site "?"]
[Date "2018.01.04"]
[Round "4"]
[White "Medwedowski, Michael"]
[Black "Zilberman, Polina"]
[Result "1-0"]
[WhiteElo "2068"]
[BlackElo "2170"]
[PlyCount "81"]

1. e4 e6 2. Nf3 d5 3. Nc3 Nf6 4. e5 Nfd7 5. d4 c5 6. dxc5 Nc6 7. Bf4 Nxc5 8.
Bd3 Be7 9. O-O g5 10. Bg3 h5 11. h3 Qb6 12. Qd2 Nxd3 13. cxd3 Rg8 14. Kh1 Bd7
15. Ng1 Nd4 16. Nge2 Nf5 17. Bh2 Bc6 18. d4 Kd7 19. g4 hxg4 20. hxg4 Nh4 21. f3
Ng6 22. Bg3 Rh8+ 23. Kg2 Nh4+ 24. Bxh4 gxh4 25. Kh3 Rag8 26. f4 f6 27. exf6
Bxf6 28. g5 Be7 29. Ng1 Kd8 30. Nf3 Bd6 31. Rae1 Be8 32. Ne5 Bxe5 33. Rxe5 Bg6
34. Rfe1 Bf5+ 35. Kh2 Rf8 36. Na4 Qd6 37. Qa5+ Qc7 38. Qxa7 Be4 39. Nc5 Kc8 40.
Qa8+ Qb8 41. Qxb8+ 1-0

[Event "35. Open Untergrombach A-Turnier"]
[Site "?"]
[Date "2018.01.04"]
[Round "4"]
[White "Wilhelm, Jochen"]
[Black "Engel, Jan"]
[Result "1/2-1/2"]
[WhiteElo "2164"]
[BlackElo "1833"]
[PlyCount "62"]

1. e4 c5 2. Nf3 d6 3. d4 cxd4 4. Nxd4 Nf6 5. Nc3 a6 6. Be3 Nbd7 7. f3 b5 8. Qd2
Bb7 9. a3 e6 10. O-O-O Rc8 11. g4 h6 12. h4 d5 13. Rg1 b4 14. axb4 Bxb4 15. g5
hxg5 16. hxg5 dxe4 17. gxf6 Nxf6 18. Nb3 Qe7 19. Kb1 exf3 20. Qd4 Bxc3 21. bxc3
Ne4 22. c4 e5 23. Qd3 a5 24. c5 O-O 25. Bh6 Rfd8 26. Bxg7 Rxd3 27. Bxd3 Qe6 28.
Bxe5+ Kf8 29. Bxe4 Bxe4 30. Bd6+ Ke8 31. Nxa5 Bxc2+ {Both players in extreme
time trouble - draw agreed.} 1/2-1/2

[Event "35. Open Untergrombach A-Turnier"]
[Site "?"]
[Date "2018.01.04"]
[Round "4"]
[White "Herwig, Carsten"]
[Black "Prestel, Oliver"]
[Result "0-1"]
[WhiteElo "1914"]
[BlackElo "2148"]
[PlyCount "46"]

1. d4 Nf6 2. Nf3 c5 3. c3 e6 4. e3 b6 5. Bd3 Bb7 6. O-O d5 7. Nbd2 Bd6 8. Ne5
Nc6 9. f4 O-O 10. Rf3 Ne7 11. Rh3 Ng6 12. Ndf3 Ne4 13. Bxe4 dxe4 14. Ng5 Bxe5
15. Nxh7 Bf6 16. Nxf8 Kxf8 17. Qh5 Qd5 18. b3 Qxh5 19. Rxh5 cxd4 20. exd4 Rc8
21. Bd2 e3 22. Bxe3 Rxc3 23. Rh3 Rxe3 0-1

[Event "35. Open Untergrombach A-Turnier"]
[Site "?"]
[Date "2018.01.04"]
[Round "4"]
[White "Krämer, Enrico"]
[Black "Lorenz, Michael"]
[Result "1-0"]
[WhiteElo "2173"]
[BlackElo "1935"]
[PlyCount "96"]

1. d4 Nf6 2. c4 e6 3. Nc3 Bb4 4. Qc2 d5 5. cxd5 exd5 6. Bg5 h6 7. Bh4 O-O 8. e3
c6 9. Bd3 Nbd7 10. Nge2 Re8 11. O-O Nf8 12. a3 Bd6 13. h3 Be7 14. f3 Nh5 15.
Bf2 Bh4 16. g3 Nxg3 17. Nxg3 Bxg3 18. Bxg3 Bxh3 19. Rfe1 Qg5 20. Qf2 Re6 21. e4
Ng6 22. f4 Qh5 23. f5 Rf6 24. e5 Rxf5 25. Bxf5 Bxf5 26. Re3 Ne7 27. Qh2 Qg6 28.
Kf2 Be6 29. Ne2 Qc2 30. Qh1 Nf5 31. Qd1 Nxe3 32. Kxe3 Qxb2 33. Qb1 Qxb1 34.
Rxb1 b6 35. Bh4 g5 36. Be1 Rc8 37. a4 c5 38. a5 Rc6 39. dxc5 Rxc5 40. axb6 axb6
41. Rxb6 Kg7 42. Nd4 Bh3 43. Rd6 h5 44. Nf3 g4 45. Nh4 Rc1 46. Nf5+ Kh7 47. Bh4
Kg8 48. Bf6 Rc8 1-0

[Event "35. Open Untergrombach A-Turnier"]
[Site "?"]
[Date "2018.01.04"]
[Round "4"]
[White "Arzer, Waldemar"]
[Black "Agnello, Francesco"]
[Result "0-1"]
[WhiteElo "1961"]
[BlackElo "2127"]
[PlyCount "106"]

1. Nf3 c5 2. g3 d5 3. Bg2 Nf6 4. O-O e6 5. d3 Nc6 6. Nbd2 Be7 7. e4 b6 8. Re1
Bb7 9. a3 Qc7 10. exd5 Nxd5 11. d4 cxd4 12. Nb3 O-O-O 13. Nbxd4 Nf6 14. Bf4 Bd6
15. Nxc6 Bxc6 16. Bxd6 Rxd6 17. Qe2 Qb7 18. Rad1 Rhd8 19. Rxd6 Rxd6 20. Rd1
Rxd1+ 21. Qxd1 Nd7 22. Qd3 f6 23. Qc3 Kb8 24. Ne1 Bxg2 25. Nxg2 Ne5 26. Kf1 Nf3
27. h3 Qa6+ 28. Qd3 Qxd3+ 29. cxd3 e5 30. Ne3 Kc7 31. h4 Kc6 32. Ke2 Nd4+ 33.
Kd2 Kd6 34. Kc3 Kc5 35. b4+ Kc6 36. Nc4 b5 37. Ne3 Kd6 38. Kd2 Ke6 39. Nd1 Kf5
40. Nc3 Kg4 41. a4 bxa4 42. Ke3 a3 43. Ke4 Ne2 44. Na2 Nxg3+ 45. Kd5 Nh1 46. b5
Nxf2 47. Kc6 Nxd3 48. Kb7 e4 49. Kxa7 e3 50. b6 Nc5 51. Nb4 e2 52. Nd3 Nxd3 53.
b7 a2 0-1

[Event "35. Open Untergrombach A-Turnier"]
[Site "?"]
[Date "2018.01.04"]
[Round "4"]
[White "Mädler, Thomas"]
[Black "Dauner, Benedikt"]
[Result "1/2-1/2"]
[WhiteElo "2094"]
[BlackElo "1951"]
[PlyCount "27"]

1. d4 d5 2. Nf3 Nf6 3. Bf4 c5 4. e3 Nc6 5. Be2 Bf5 6. O-O e6 7. Nc3 Be7 8. h3
h6 9. dxc5 Bxc5 10. Nb5 O-O 11. c3 a6 12. Nbd4 Bh7 13. a4 Bd6 14. Bxd6 1/2-1/2

[Event "35. Open Untergrombach A-Turnier"]
[Site "?"]
[Date "2018.01.04"]
[Round "5"]
[White "Prestel, Oliver"]
[Black "Shishkin, Vadim"]
[Result "0-1"]
[WhiteElo "2148"]
[BlackElo "2459"]
[PlyCount "42"]

1. d4 Nf6 2. c4 g6 3. Nc3 d5 4. Nf3 Bg7 5. h4 c6 6. Bf4 O-O 7. Qd2 Ne4 8. Qe3
Nxc3 9. bxc3 h5 10. Ne5 Nd7 11. cxd5 cxd5 12. f3 Nxe5 13. Bxe5 f6 14. Bf4 e5
15. dxe5 fxe5 16. Bg5 Qa5 17. Qd2 Be6 18. Qc2 e4 19. Rc1 Rac8 20. Bd2 e3 21.
Bxe3 Rxc3 0-1

[Event "35. Open Untergrombach A-Turnier"]
[Site "?"]
[Date "2018.01.04"]
[Round "5"]
[White "Nekrasov, Mihail"]
[Black "Bach, Edwin"]
[Result "1/2-1/2"]
[WhiteElo "2319"]
[BlackElo "2221"]
[PlyCount "34"]

1. e4 c5 2. Nf3 e6 3. d4 cxd4 4. Nxd4 a6 5. c4 Nf6 6. Nc3 Qc7 7. a3 b6 8. Be3
Bb7 9. f3 Be7 10. Be2 O-O 11. Qd2 Rc8 12. Rc1 d6 13. O-O Nbd7 14. Rfd1 Rab8 15.
b4 Qd8 16. Bf1 Qe8 17. Qa2 Ne5 1/2-1/2

[Event "35. Open Untergrombach A-Turnier"]
[Site "?"]
[Date "2018.01.04"]
[Round "5"]
[White "Agnello, Francesco"]
[Black "Medvedovski, Michael"]
[Result "1-0"]
[WhiteElo "2127"]
[BlackElo "2068"]
[PlyCount "69"]

1. e4 c5 2. Nf3 Nc6 3. Bb5 e5 4. O-O Nge7 5. c3 a6 6. Ba4 d6 7. h3 g6 8. d4 b5
9. Bc2 exd4 10. cxd4 Bg7 11. Be3 O-O 12. Nc3 c4 13. d5 Na7 14. Bd4 Bd7 15. Bxg7
Kxg7 16. Nd4 b4 17. Nce2 Qb6 18. f4 f5 19. Kh2 fxe4 20. Bxe4 Nb5 21. g4 Rac8
22. Nxb5 axb5 23. Qc1 Qc5 24. f5 Nxd5 25. Qg5 Nf6 26. Bc2 Rce8 27. Nf4 Qe3 28.
Qh4 Nd5 29. Nxd5 Qd2+ 30. Rf2 Qxd5 31. Raf1 Qe5+ 32. Kg1 Rf6 33. fxg6 Rxf2 34.
Qxh7+ Kf6 35. Rxf2+ 1-0

[Event "35. Open Untergrombach A-Turnier"]
[Site "?"]
[Date "2018.01.04"]
[Round "5"]
[White "Engel, Jan"]
[Black "Krämer, Enrico"]
[Result "1/2-1/2"]
[WhiteElo "1833"]
[BlackElo "2173"]
[PlyCount "74"]

1. e4 c5 2. Nf3 Nc6 3. d4 cxd4 4. Nxd4 e5 5. Nb5 d6 6. N1c3 a6 7. Na3 Be7 8.
Nc4 b5 9. Ne3 Nf6 10. a3 O-O 11. g3 Rb8 12. Bg2 a5 13. O-O Be6 14. Ncd5 Bxd5
15. Nxd5 Nxd5 16. Qxd5 Nd4 17. c3 Ne2+ 18. Kh1 Nxc1 19. Raxc1 Qb6 20. Bf3 Qb7
21. Rfd1 Qxd5 22. Rxd5 Rfc8 23. Kg2 g6 24. Rcd1 Rb6 25. Be2 b4 26. cxb4 axb4
27. a4 b3 28. Bd3 Bg5 29. a5 Rbb8 30. a6 Rc2 31. a7 Ra8 32. Rb5 Rxa7 33. Rxb3
Rc1 34. Rxc1 Bxc1 35. Bc4 Kg7 36. Rb6 Rc7 37. b3 Ba3 1/2-1/2

[Event "35. Open Untergrombach A-Turnier"]
[Site "?"]
[Date "2018.01.04"]
[Round "5"]
[White "Seeger, Klaus"]
[Black "Wilhelm, Jochen"]
[Result "1/2-1/2"]
[WhiteElo "2006"]
[BlackElo "2164"]
[PlyCount "46"]

1. e4 c5 2. Nf3 d6 3. d4 cxd4 4. Nxd4 Nf6 5. Bd3 Nc6 6. Nxc6 bxc6 7. c4 g6 8.
Nc3 Bg7 9. O-O O-O 10. h3 Rb8 11. Qc2 Nd7 12. Rb1 a5 13. Na4 Ba6 14. Be3 Ne5
15. Be2 c5 16. Rfd1 Qc7 17. b3 Nc6 18. Bf1 Nd4 19. Qd2 e6 20. Nc3 Rfd8 21. Ne2
Nc6 22. Nc3 Nd4 23. Ne2 Nc6 1/2-1/2

[Event "35. Open Untergrombach A-Turnier"]
[Site "?"]
[Date "2018.01.04"]
[Round "5"]
[White "Dr. Faulhaber, Rolf"]
[Black "Schmied, Andreas"]
[Result "1/2-1/2"]
[WhiteElo "2056"]
[BlackElo "1970"]
[PlyCount "43"]

1. c4 c6 2. Nf3 d5 3. e3 Nf6 4. Nc3 e6 5. Be2 Be7 6. d4 Nbd7 7. O-O O-O 8. b3
b6 9. Bb2 Bb7 10. Rc1 Rc8 11. Bd3 c5 12. cxd5 Nxd5 13. Nxd5 exd5 14. Qe2 cxd4
15. Rxc8 Qxc8 16. Rc1 Qb8 17. Bxd4 Rc8 18. Qb2 Bf6 19. Bf5 Rxc1+ 20. Qxc1 Bxd4
21. Nxd4 Nf6 22. h3 1/2-1/2

[Event "35. Open Untergrombach A-Turnier"]
[Site "?"]
[Date "2018.01.04"]
[Round "5"]
[White "Dauner, Benedikt"]
[Black "Vautrin, Stefan"]
[Result "1/2-1/2"]
[WhiteElo "1951"]
[BlackElo "2141"]
[PlyCount "58"]

1. d4 d6 2. Nc3 g6 3. e4 Bg7 4. Bf4 Nc6 5. d5 Ne5 6. Nf3 Nxf3+ 7. Qxf3 Nf6 8.
Bb5+ Nd7 9. O-O O-O 10. Qe3 a6 11. Bxd7 Bxd7 12. Bh6 e6 13. Bxg7 Kxg7 14. e5
exd5 15. Qd4 dxe5 16. Qxe5+ f6 17. Qxd5 Bb5 18. Rfe1 Bc6 19. Qc5 Rf7 20. Rad1
Qf8 21. Qd4 Rd7 22. Qf4 Rad8 23. Rxd7+ Rxd7 24. h4 Qc5 25. Ne4 Bxe4 26. Qxe4 c6
27. c3 Qd6 28. g3 Rf7 29. c4 h5 1/2-1/2

[Event "35. Open Untergrombach A-Turnier"]
[Site "?"]
[Date "2018.01.04"]
[Round "5"]
[White "Prskawetz, Frank"]
[Black "Mädler, Thomas"]
[Result "0-1"]
[WhiteElo "1950"]
[BlackElo "2094"]
[PlyCount "82"]

1. c4 Nf6 2. Nc3 e5 3. g3 Bc5 4. Bg2 O-O 5. d3 d6 6. Nf3 Nc6 7. Bg5 h6 8. Bxf6
Qxf6 9. O-O Bf5 10. Nh4 Bh7 11. Ne4 Bxe4 12. Bxe4 g6 13. e3 Nd8 14. a3 c6 15.
b4 Bb6 16. Bg2 Ne6 17. Nf3 Kg7 18. Nd2 h5 19. h3 Qe7 20. Kh2 f5 21. Qe2 Rae8
22. Rae1 Qf7 23. Qd1 Qf6 24. f4 h4 25. Qf3 hxg3+ 26. Qxg3 exf4 27. exf4 Nd4 28.
c5 dxc5 29. bxc5 Bxc5 30. Nc4 Nc2 31. Re5 Bd4 32. Rc1 b5 33. Rxe8 Rxe8 34. Rxc2
bxc4 35. Rxc4 c5 36. Ra4 Re7 37. h4 Kh8 38. Qg5 Rh7 39. Kg3 Qb6 40. Bd5 Bf6 41.
Rxa7 Bxg5 0-1

[Event "35. Open Untergrombach A-Turnier"]
[Site "?"]
[Date "2018.01.05"]
[Round "6"]
[White "Shishkin, Vadim"]
[Black "Nekrasov, Mihail"]
[Result "1-0"]
[WhiteElo "2459"]
[BlackElo "2319"]
[PlyCount "107"]
[EventDate "2018.??.??"]

1. d4 d5 2. c4 e6 3. Nc3 Bb4 4. Nf3 Nf6 5. cxd5 exd5 6. Bg5 Qd6 7. e3 {This is
not the best option for white.  Better is} (7. Bxf6 Qxf6 8. Qb3 Qb6 9. a3 Ba5
10. Qc2 Bf5 11. Qa4+ Bd7 12. Qc2 Bf5 13. Qa4+ Bd7 14. Qc2 Bf5 {1/2 (14)
Kasimdzhanov,R (2693)-Yu,Y (2667) Sharjah 2014}) (7. Nd2 $5) 7... Ne4 {This is
the idea from Black who has a comfortable game from now on.} 8. Bf4 Qe7 9. Qc2
{This natural move is actually a mistake. White should play more active} (9.
Qb3 c6 10. Bd3) 9... g5 $1 {Good and active approach fighting for initative.}
10. Bg3 h5 11. Bd3 $2 (11. Bb5+ {This was neccesary to allow the white Bg3 to
exchange on b8.} c6 12. Bd3 h4 13. Bxb8) 11... h4 12. Be5 f6 13. Bxe4 {White
lost the bishop and he must try to make some contrachance. Black is simply
better now} dxe4 14. Qxe4 fxe5 15. Nxe5 Bxc3+ 16. bxc3 O-O 17. O-O Nc6 {Black
plays good and tries to complete development. He has material advantage and it
will be decisive.} 18. Qd5+ Qe6 $4 {A catastrophical mistake after which white
is winning. Black should return one more pawn and complete the development.
After} (18... Kg7 19. Nxc6 bxc6 20. Qxc6 Bf5 {Black controls the board and
will be winning.}) 19. Nxc6 {This is what black overlooked.} bxc6 (19... Qxd5
20. Ne7+) 20. Qxg5+ {But here black will lose all his pawns on kings side.} Kh7
21. Qxh4+ Qh6 22. Qxh6+ Kxh6 {This is clear deference if black gives only the
pawn on c6. Withes has four passed pawns for the bishop and is much much
better here.} 23. c4 (23. f3 Be6 24. Rfb1 Rab8 25. Kf2) 23... Rb8 24. f3 Be6
25. Rac1 Rb4 26. Rf2 {Probably better is} (26. d5 cxd5 27. cxd5 Bxd5 28. Rxc7
Rb2 29. a4) 26... Bxc4 27. a3 Ra4 28. Rfc2 Bb5 29. Rc3 {but white plays slowly
and bets on his king side pawns} Rb8 30. Kf2 a6 31. g4 {Nice play from white.
He first completes development, improves his king position and now pushes the
pawns. Black is completly without contraplay.} Kg6 32. h4 Re8 33. h5+ Kf6 34.
R1c2 {Slowly and strong} c5 $2 {As a rule.. when you are the weak side then
you easily make mistakes.} 35. Rxc5 Rxa3 36. g5+ Ke7 37. Rxc7+ {All is over
now.} Kd6 38. R7c3 Ra1 39. Rc1 Ra5 40. R1c2 Ra1 41. Rc1 Ra2+ 42. Kg3 Re2 43. h6
{Pawns simply go to promotion...passed pawns should be pushed forward...
endgame rule.} R2xe3 44. Rxe3 Rxe3 45. h7 Re8 46. Rh1 Rh8 47. g6 Bd3 48. Rh6 {
Simply and strong. Of course, winning 48.g7 too but why make any problems.}
Bxg6 49. Rxg6+ Kd5 50. Rh6 a5 51. Kf4 a4 52. Kf5 a3 53. Kg6 a2 54. Rh5+ {With
this victory GM Shishkin has a clear cance to win the tournament.} 1-0

[Event "35. Open Untergrombach A-Turnier"]
[Site "?"]
[Date "2018.01.05"]
[Round "6"]
[White "Günnigmann, Manuel"]
[Black "Lehmann, Sven"]
[Result "1-0"]
[WhiteElo "2225"]
[BlackElo "2016"]
[PlyCount "53"]

1. e4 d6 2. d4 Nf6 3. Nc3 Nbd7 4. g4 h6 5. Be3 e5 6. h3 c6 7. Nge2 b5 8. Ng3
Be7 9. Bg2 g6 10. O-O Nf8 11. f4 Ne6 12. fxe5 dxe5 13. d5 Nf4 14. dxc6 Nxg2 15.
Qxd8+ Bxd8 16. Kxg2 a6 17. Nd5 Nxd5 18. exd5 f5 19. gxf5 gxf5 20. Nxf5 Bxf5 21.
Rxf5 Rg8+ 22. Kf3 Bc7 23. Rg1 Rxg1 24. Bxg1 O-O-O 25. Ke4 Rg8 26. Bc5 Bd8 27.
Rf8 1-0

[Event "35. Open Untergrombach A-Turnier"]
[Site "?"]
[Date "2018.01.05"]
[Round "6"]
[White "Bach, Edwin"]
[Black "Zuse, Peter"]
[Result "1/2-1/2"]
[WhiteElo "2221"]
[BlackElo "2222"]
[PlyCount "27"]

1. Nf3 Nf6 2. g3 b5 3. Bg2 Bb7 4. O-O e6 5. b3 Be7 6. Bb2 O-O 7. c4 bxc4 8.
bxc4 c5 9. d3 Nc6 10. Nbd2 d6 11. Bc3 Rb8 12. Rb1 Qc7 13. Qc2 Ba8 14. Rxb8
1/2-1/2

[Event "35. Open Untergrombach A-Turnier"]
[Site "?"]
[Date "2018.01.05"]
[Round "6"]
[White "Wilhelm, Jochen"]
[Black "Agnello, Francesco"]
[Result "0-1"]
[WhiteElo "2164"]
[BlackElo "2127"]
[Annotator "IM Heinz Fuchs"]
[PlyCount "80"]

1. e4 c5 2. Nf3 Nc6 3. Bb5 {dieser Zug erfreut sich zunehmender Popularität.}
Nf6 {häufiger wird 3... g6 gespielt.} 4. Nc3 Qc7 5. O-O a6 $5 {5... Sd4 wird
an dieser Stelle häufiger gespielt.} 6. Bxc6 dxc6 7. h3 {beugt Lg4 vor.} e5 8.
d3 h6 {auch hier will man den Läuferausfall nach g5 verhindern.} 9. a4 {bis
dahin wurde alles schon einmal gespielt, aber nun???} g5 $5 {agressiv und
ambitioniert gespielt.} 10. Nd2 {eine Möglichkeit hätte in Sh2 bestanden.} a5
{vorbeugend gegen die weiße Idee a5, Sc4,Sb6.. gespielt. Konsequenter war
vielleicht doch 10... g4!?} 11. Nc4 Be6 {mit unklarer Stellung. Der Computer
schätzt hier die Stellung von Weiß etwas besser ein. Ich bin der Meinung,
dass Schwarz ausreichendes Gegenspiel besitzt.} 12. b3 O-O-O $1 {konsequent
gespielt.} 13. Bd2 $6 {13. Lb2 mit der langen Diagonale war hier vorzuziehen}
b6 14. Qe2 Be7 $6 {hier ist wohl das aktivere 14...g4 vorzuziehen} 15. Nd1 $1 {
gut gespielt, der Springer muß umgruppiert werden.} Rhg8 16. Nde3 {Schade,
Weiß vergibt die Möglichkeit mit 16. Lc3 Sd7 und dann 17. Sde3 die Stellung
unter Kontrolle zu bringen!} g4 $1 {endlich} 17. h4 Nh5 {sieht gut aus, das
hätte ich auch gespielt. Der Computer bevorzugt hier allerdings 17... Se8} 18.
Nf5 {ein interessanter Zug, solider war wohl 18. g3} Nf4 19. Qe3 $2 {der erste
ernsthafte Fehler! Der Computer zaubert hier die folgende Variante heraus:} (
19. Nxb6+ Kb7 20. Qe1 $3 Bxf5 21. Bxa5 $1 Be6 22. Nc4 Qb8 23. Bxd8 Rxd8 24. g3
{mit besserem Spiel für Weiß. Aber mal ehrlich...wer soll den diese
Abwicklung sehen???}) 19... Bxf5 20. exf5 Bf6 $2 {besser war hier eindeutig 20.
..g3} 21. Rad1 $2 {ein unverständlicher Zug, warum nicht 21.Tae1?...} Nd5 22.
Qe4 $2 {Weiß verliert hier nun völig den Faden. Viel besser war 22. Dg3} g3
23. f3 Kb7 24. Rfe1 Nb4 25. Bxb4 Rd4 26. Bc3 Rxe4 27. Rxe4 Re8 28. f4 b5 29.
axb5 cxb5 30. Bxe5 Bxe5 31. Nxe5 c4 32. dxc4 Rd8 33. Rde1 a4 34. cxb5 Qxc2 35.
Nc4 Rd1 36. Re7+ Kc8 37. Re8+ Rd8 38. R8e7 Qf2+ 39. Kh1 Qxf4 40. R7e4 Qxe4 0-1

[Event "35. Open Untergrombach A-Turnier"]
[Site "?"]
[Date "2018.01.05"]
[Round "6"]
[White "Krämer, Enrico"]
[Black "Dr. Faulhaber, Rolf"]
[Result "1-0"]
[WhiteElo "2173"]
[BlackElo "2056"]
[PlyCount "77"]

1. d4 e6 2. c4 Nf6 3. g3 d5 4. Nf3 Bb4+ 5. Bd2 Bd6 6. Bg2 c6 7. Qc2 Nbd7 8. O-O
Ne4 9. Nc3 f5 10. Bf4 Bxf4 11. gxf4 O-O 12. b4 Rf6 13. e3 Rh6 14. Ne2 Ndf6 15.
b5 cxb5 16. cxb5 Bd7 17. a4 Rc8 18. Qd3 Ng4 19. h3 Ngxf2 20. Rxf2 Nxf2 21. Kxf2
Be8 22. Rc1 Rxc1 23. Nxc1 Bh5 24. Qd1 Bxf3 25. Qxf3 Rg6 26. Qd1 a6 27. bxa6
bxa6 28. Nd3 h6 29. Ne5 Rf6 30. Bf1 Qa5 31. Qc2 Kh7 32. Be2 Rf8 33. Qc6 Rb8 34.
Qxe6 Qxa4 35. Qxf5+ Kh8 36. Bd3 Qa2+ 37. Kg3 g6 38. Qf6+ Kg8 39. Qf7+ 1-0

[Event "35. Open Untergrombach A-Turnier"]
[Site "?"]
[Date "2018.01.06"]
[Round "6"]
[White "May, Jürgen"]
[Black "Prestel, Oliver"]
[Result "0-1"]
[WhiteElo "1993"]
[BlackElo "2148"]
[Annotator "FM Dr. Joachim Sieglen"]
[PlyCount "60"]
[EventDate "2018.??.??"]

1. e4 e6 2. d4 d5 3. Nc3 Bb4 4. e5 c5 5. Bd2 cxd4 6. Nb5 Bc5 {Zweischneidig,
aber spielbar. Schwarz gibt das Rochaderecht auf, behält dafür aber seinen
schwarzfeldrigen Läufer und kann Druck auf das weiße Zentrum aufbauen.} 7.
Qg4 Kf8 8. Nf3 Nc6 9. O-O-O Nge7 10. Nbxd4 h5 11. Qh4 Qb6 12. Be3 {Besser Lc3.}
Bd7 ({Hier konnte Schwarz mit} 12... Ng6 13. Qg5 Be7 14. Qg3 h4 15. Nxc6 Qc7
16. Qg4 bxc6 {sogar Vorteil erzielen.}) 13. Kb1 Rc8 14. c3 Na5 {Der erste
Schritt abseits vom Weg.} ({Nach} 14... Nxd4 15. Bxd4 Nf5 16. Qf4 Nxd4 17. Nxd4
{hat Schwarz Ausgleich. Er hat das Läuferpaar und kann seine Königsstellung
allmählich verbessern.}) 15. Bd3 Nc4 16. Bxc4 dxc4 17. Rd2 (17. Nb3 $1 Bxe3
18. Rxd7 Nf5 19. Qe4 cxb3 20. fxe3 bxa2+ 21. Kxa2 {und Weiß steht deutlich
besser.}) 17... Nd5 18. Ka1 Qa5 19. Rc1 {Aufgrund der schwarzen Königstellung
hat Weiß leichten Vorteil.} ({Eine Alternative war hier} 19. Nf5 {(Idee: Lxc5
nebst Sd6)} Ba3 20. Nd6 Bxd6 21. exd6 f6 22. Rhd1 Ba4 23. Re1 Bd7 24. Qe4 {mit
besserer Stellung für Weiß.}) 19... Ba4 20. Nc2 Be7 21. Bg5 f6 $2 {Es gab
keine Notwendigkeit, die Königstellung so aufzulockern.} ({Nach} 21... Bxg5
22. Nxg5 Qc7 23. Qd4 Bxc2 24. Rdxc2 {steht Weiß nur leicht besser.}) 22. exf6
gxf6 23. Rxd5 $1 {Das Qualitätsopfer ist sehr stark: Weiß zerfleddert die
Königsstellung des Schwarzen.} Qxd5 24. Bxf6 Bxc2 25. Bxe7+ Ke8 26. Ba3 Rc7 $2
27. Qf6 $2 ({Nach} 27. Qf4 Rg7 28. Rxc2 {würde Weiß bereits auf Gewinn
stehen.}) 27... Rg8 28. Re1 Bf5 $2 ({Mit} 28... Be4 {(verhindert Sg5) konnte
Schwarz noch weiterspielen.}) 29. Ng5 Rd7 30. Rc1 $4 ({Das Grundlinienmatt
ließ sich am einfachsten mit} 30. b3 {aufheben, z.B.} Qd2 31. Rxe6+ Bxe6 32.
Qxe6+ Kd8 33. Qxg8+ Kc7 34. Qxc4+ Kd8 35. Ne4 Qc2 36. Qg8+ Kc7 37. Qg3+ Kc8 38.
Nd6+ Rxd6 39. Qxd6 Qxc3+ 40. Kb1 {und Weiß steht auf Gewinn.}) 30... Qd2 0-1